| 000 | 00781cab a2200217 4500 | ||
|---|---|---|---|
| 001 | X2902 | ||
| 008 | 090401t1995 xxu||||| |||| 00| 0 eng d | ||
| 035 | _a(Sirsi) u27138 | ||
| 041 | _aeng | ||
| 245 | _aR v Swanage Town Council ex parte Gray | ||
| 260 | _c1995 | ||
| 350 | _a0 | ||
| 490 |
_aNew Property Cases _v(1995) NPC 196 (3) |
||
| 520 | _aQBD 13 December 1995. A ratepayer and resident fails to quash the exercise by a council of its powers as successor in title to a local benefactor of land to permit building and to release restrictive covenants. (Headnote taken from journal). NO PHOTOCOPYING ALLOWED. | ||
| 650 | _aBUILDING PERMIT | ||
| 650 | _aCONVEYANCING | ||
| 650 | _aRESTRICTIVE COVENANT | ||
| 690 | _aLAW-CASE LAW | ||
| 942 | _n0 | ||
| 948 | _c04/03/1997 | ||
| 999 |
_c18275 _d18275 |
||